Conservation at the crossroads: (Record no. 156250)

MARC details
000 -LEADER
fixed length control field 00681nam a22001937a 4500
005 - DATE AND TIME OF LATEST TRANSACTION
control field 20180824114946.0
010 ## - LCCN (DPL NO)
LC control number ENG-123757
020 ## - INTERNATIONAL STANDARD BOOK NUMBER
International Standard Book Number 9788178245348
Terms of availability 595.00
035 ## - SYSTEM CONTROL NUMBER
System control number EN-107289
037 ## - SOURCE OF ACQUISITION
Source of stock number/acquisition DBAD/PUB
082 ## - DEWEY DECIMAL CLASSIFICATION NUMBER
Classification number 333.954160954
100 ## - MAIN ENTRY--PERSONAL NAME
Personal name Ghazala Shahabuddin
245 ## - TITLE STATEMENT
Title Conservation at the crossroads:
Statement of responsibility, etc by Ghazala Shahabuddin
Remainder of title science, society, and the future of india's wildlife /
260 ## - PUBLICATION, DISTRIBUTION, ETC. (IMPRINT)
Place of publication, distribution, etc Ranikhet
Name of publisher, distributor, etc Permanent Black
Date of publication, distribution, etc 2017
270 ## - ADDRESS
Address Himalayana, Mall Road, Ranikhet Cantt.
City Ranikhet
Postal code 263645
300 v# - PHYSICAL DESCRIPTION
Extent xxiv,244p.
Dimensions 21cm(pbk)
Other physical details ill.
500 ## - GENERAL NOTE
General note It includes bibliography and index
942 ## - ADDED ENTRY ELEMENTS (KOHA)
Source of classification or shelving scheme Dewey Decimal Classification
Item type English Books
Call number suffix GHA
Classification part 333.954160954
Holdings
Withdrawn status Lost status Not for loan Collection code Home library Current library Date acquired Source of acquisition Cost, normal purchase price Full call number Barcode Copy number Cost, replacement price Koha item type
    Not For Loan Non-fiction D.B.Act.Division Bawana 24/08/2018 DBAD/PUB 595.00 333.954160954 GHA EN-107289 1 595.00 English Books

© Delhi Public Library
Hit Counter
free hit counter